Countries Bordering Unknown Country #29 - Statistics

General Stats
  • This quiz has been taken 472 times
  • The average score is 8 of 8
Answer Stats
Bordering Country Answer % Correct
Sudan
99%
E Egypt
98%
E Ethiopia
98%
S South Sudan
98%
C Chad
97%
E Eritrea
97%
L Libya
96%
C Central African Republic
90%
No matching quizzes found
Score Distribution
Percent of People with Each Score
Percentile by Number Answered
Your Score History
You have not taken this quiz